|
|
|
|
| LEADER |
00719nam a22001817a 4500 |
| 082 |
|
|
|a 894.M3
|b JOS/E L2
|
| 100 |
|
|
|a ജോസഫ് പുത്തന്തറ;
|9 2060
|
| 100 |
|
|
|a Joseph Puthanthara
|9 2067
|
| 240 |
|
|
|a Ellam Ninakkuvendi
|
| 245 |
|
|
|a എല്ലാം നിനക്കുവേണ്ടി
|
| 250 |
|
|
|a 1st
|
| 260 |
|
|
|a Kottayam;
|b National Book Stall;
|c 1972
|
| 300 |
|
|
|a 224p.
|
| 650 |
|
|
|a മലയാളം; മലയാളം നോവല്
|9 3
|
| 650 |
|
|
|a Malayalam; Malayalam Novel
|9 2072
|
| 942 |
|
|
|c BK
|
| 999 |
|
|
|c 31076
|d 31076
|
| 952 |
|
|
|0 0
|1 0
|4 0
|6 894_000000000000000_M3_JOS_E_L2
|7 0
|8 FIC
|9 34042
|a MAL
|b MAL
|d 2015-04-29
|e 21743
|g 4.50
|l 0
|o 894.M3 JOS/E L2
|p MAL021743
|r 2015-04-29
|t 1
|w 2015-04-29
|y BK
|